México 1973 : hechos, cifras, tendencias /

Compendio en el que se expone la situación económica y social del país desde 1960. Publicada por el Banco Nacional de Comercio Exterior, la obra se compone de una edición cada dos años al cual se le actualiza la información y se agrega algún tema destacado de la época. Con la intención de ofrecer un...

Descripción completa

Guardado en:
Detalles Bibliográficos
Autor corporativo: Banco Nacional de Comercio Exterior
Formato: Libro
Idioma:Español
Colección:(México: Hechos, Cifras, Tendencias)
Temas:
Etiquetas: Agrega una etiqueta
Sin etiquetas, Sé el primero en etiquetar este registro!

MARC

LEADER 00000nam^a2200000^a^4500
001 000361600
005 20250521000000.0
009 20260310115456.472
037 |a Acervo Xavier Clavigero 
041 |a ESP 
082 |a 330. 972  |b BAN 1960 
110 |a Banco Nacional de Comercio Exterior 
240 1 1 |a [México: hechos, cifras, tendencias] 
245 1 0 |a México 1973 :  |b hechos, cifras, tendencias /  |c Banco Nacional de Comercio Exterior. 
264 |a México :  |b Banco Nacional de Comercio Exterior,  |c 1960 
300 |a 365 p. 
336 |a texto  |b txt  |2 rdacontenido 
337 |a sin mediación  |b n  |2 rdamedio 
338 |a volumen  |b nc  |2 rdasoporte 
440 1 |a (México: Hechos, Cifras, Tendencias) 
520 |a Compendio en el que se expone la situación económica y social del país desde 1960. Publicada por el Banco Nacional de Comercio Exterior, la obra se compone de una edición cada dos años al cual se le actualiza la información y se agrega algún tema destacado de la época. Con la intención de ofrecer un panorama completo del desarrollo tanto económico como social que el país experimentaba en las décadas de los sesenta y setenta, los manuales se elaboraron para proporcionar información que le resultara relevante a los estudiosos de las condiciones del país, tanto nacionales como extranjeros. 
649 |a XX 
650 |a Desarrollo Económico-Social -  |z México -  |x Historia -  |y Siglo XX 
650 |a Desarrollo Económico-Social -  |z México -  |x Historia -  |y 1958-1964 
650 |a Política Económica -  |z México -  |x Historia -  |y Siglo XX 
650 |a Política Económica -  |z México -  |x Historia -  |y 1958-1964 
650 |a Política -  |z México -  |x Historia -  |y Siglo XX 
650 |a Política -  |z México -  |x Historia -  |y 1958-1964 
650 |a Economía -  |z México -  |x Historia -  |y Siglo XX 
650 |a Economía -  |z México -  |x Historia -  |y 1958-1964 -  |x Tema Principal 
650 |a México -  |x Condiciones Económicas -  |x Tema Principal 
650 |a México -  |x Condiciones Sociales y Culturales -  |x Tema Principal 
650 |a México -  |x Descripción 
910 |a Fondo General 
920 |a Impresos - Libros 
930 |a Colección General 
905 |a 101 
901 |a 064808  |b IT1  |c ACC  |u 20250521 
902 |a https://opac.biblio.iteso.mx/vufind/Record/000361600